Statistics for NCAA Colleges in Alabama

Click here to take the quiz!

General Stats

  • This quiz has been taken 122 times
  • The average score is 10 of 18

Answer Stats

Division Team Name University % Correct
Division ICrimson TideAlabama
99%
Division ITigersAuburn
93%
Division IBlazersUAB
88%
Division IJaguarsSouth Alabama
84%
Division ITrojansTroy
82%
Division IHornetsAlabama State
78%
Division IBulldogsAlabama A&M
73%
Division IGamecocksJacksonville State
66%
Division IILionsNorth Alabama
60%
Division IITigersWest Alabama
55%
Division IIChargersUAH
48%
Division IBulldogsSamford
47%
Division IIGolden TigersTuskegee
34%
Division IIIPanthersBirmingham-Southern
26%
Division IIIHawksHuntingdon
26%
Division IIFalconsMontevallo
23%
Division IIBadgersSpring Hill
22%
Division IITigersStillman
14%

Score Distribution

Percentile by Number Answered

Percent of People with Each Score

Your Score History

You have not taken this quiz